Statistics for Cities that End in O by Clue

Click here to take the quiz!

General Stats

  • This quiz has been taken 9,914 times
  • The average score is 14 of 19

Answer Stats

Hint City % Correct
Capital of NorwayOslo
96%
Capital on the Nile RiverCairo
93%
The nearest major city to Disney WorldOrlando
93%
The most populous city whose name ends in OTokyo
86%
This city's CN Tower is the tallest freestanding structure in the AmericasToronto
84%
This city's residents have included Barack Obama, Oprah Winfrey, and Kanye WestChicago
84%
This small city on the Riviera is famous for wealth and tax avoidanceMonaco
81%
The largest city in South AmericaSão Paulo
80%
Tony Bennett left his heart in this "City by the Bay"San Francisco
78%
Where Archduke Franz Ferdinand was assassinated in 1914Sarajevo
74%
Portugal's second largest cityPorto
74%
The nearest capital city to Buenos AiresMontevideo
72%
Sri Lanka's most populous cityColombo
67%
City in northern Spain home to a Guggenheim museumBilbao
66%
This Andean capital has an elevation of 2,850 metersQuito
66%
Major U.S. city near Niagara FallsBuffalo
63%
Sicily's most populous cityPalermo
62%
Bartholomew Columbus founded this Hispaniola capital in 1496,
making it the oldest European settlement in the New World
Santo Domingo
56%
City on the island of Hokkaido - namesake of a brand of beerSapporo
52%

Score Distribution

Percentile by Number Answered

Percent of People with Each Score

Your Score History

You have not taken this quiz